01123nam a2200313Ia 450000500170000001000280001702000260004503500130007103500170008403500130010103700210011403700130013508200110014810000230015924500840018225000110026626000350027727000590031230000250037149000250039650000400042165000550046165000800051665000590059665000590065565000490071465000250076370000210078820170706110659.0 aBAC-EN21 ENG-111801 a9789332517097c265.00 aEN-95333 aB-589885-919 aB-668101 bTechniz/Venadpl bDBAD/PUB a808.02 aMcMillan, Kathleen aHow to write essays & assignments /cby Kathleen McMillan [and] Jonathan Weyers a2nd ed c2014aNew DelhibPearson India a11 Community Centre,Panchsheel ParkbNew Delhie110017 c22cm(pbk)axi,252p.  aSmarter study skills aIncludes bibliographical references a Criticism xAuthorship vHandbooks, manuals, etc. a LiteraturexHistory and criticismxTheory, etc. vHandbooks, manuals, etc. a English languagexRhetoric vHandbooks, manuals, etc. a English languagexRhetoric vHandbooks, manuals, etc. a Academic writing vHandbooks, manuals, etc. a Test-taking skills. aWeyers, Jonathan